Autobiografía de la V.e M.e Ana María Gavilanes : (Record n. 1254)

Dettagli MARC
000 -LEADER
fixed length control field 00800nam a2200205 i 4500
003 - CONTROL NUMBER IDENTIFIER
control field IT-RoINE
005 - DATE AND TIME OF LATEST TRANSACTION
control field 20131220141911.0
008 - FIXED-LENGTH DATA ELEMENTS--GENERAL INFORMATION
fixed length control field 131219s1905 sp |||||r|||| 00| 0asp d
040 ## - CATALOGING SOURCE
Original cataloging agency IT-RoINE
Transcribing agency IT-RoINE
100 1# - MAIN ENTRY--PERSONAL NAME
Personal name Gavilanes, Ana María
9 (RLIN) 2388
245 1# - TITLE STATEMENT
Title Autobiografía de la V.e M.e Ana María Gavilanes :
Remainder of title abadesa del convento de Sancti Spiritus de la ciudad de Astorga /
Statement of responsibility, etc [Ana María Gavilanes] ; publicada por el M. I. señor Dr. D. Antonio Berjón y Vazquez.
260 ## - PUBLICATION, DISTRIBUTION, ETC. (IMPRINT)
Place of publication, distribution, etc Astorga :
Name of publisher, distributor, etc Talleres Tipog. y Lib. de Nicesio Fidalgo,
Date of publication, distribution, etc 1905.
300 ## - PHYSICAL DESCRIPTION
Extent 172 p., 1 h. de lám. ;
Dimensions 15 cm.
336 ## - CONTENT TYPE
Source rdacontent
Content type term text
337 ## - MEDIA TYPE
Source rdamedia
Media type term unmediated
338 ## - CARRIER TYPE
Source rdacarrier
Carrier type term volume
500 ## - GENERAL NOTE
General note Incluye apéndice.
700 1# - ADDED ENTRY--PERSONAL NAME
Personal name Berjón y Vázquez Real, Antonio
9 (RLIN) 2390
942 ## - ADDED ENTRY ELEMENTS (KOHA)
Item type Monografías
Dati di copia
Withdrawn status Lost status Damaged status Not for loan Home library Current library Date acquired Inventory number Total Checkouts Full call number Barcode Date last seen Price effective from Koha item type
        Iglesia Nacional Española en Roma Iglesia Nacional Española en Roma 19/12/2013 64-19   BIO 322 1460 19/12/2013 19/12/2013 Monografías